|
|
|
|
| LEADER |
01721nam a2200289 a 4500 |
| 001 |
1424531 |
| 008 |
100502s1985 nyu b 001 0 eng d |
| 010 |
|
|
|a 84016214
|
| 020 |
|
|
|a 0422780200
|
| 020 |
|
|
|a 0422780308 (pbk.)
|
| 040 |
|
|
|a DLC
|c DLC
|d DLC
|d DB-DhAAL
|
| 082 |
0 |
0 |
|a 362.1/088042
|2 19
|
| 245 |
0 |
0 |
|a Women, health, and healing :
|b toward a new perspective /
|c edited by Ellen Lewin and Virginia Olesen.
|
| 260 |
|
|
|a New York :
|b Tavistock Publications,
|c 1985.
|
| 300 |
|
|
|a xi, 317 p. ;
|c 22 cm.
|
| 490 |
0 |
|
|a Contemporary issues in health, medicine, and social policy
|
| 504 |
|
|
|a Includes bibliographies and indexes.
|
| 541 |
1 |
|
|e 00003497
|
| 505 |
0 |
|
|a Women, health, and healing / Virginia Olesen and Ellen Lewin -- Providers, negotiators, and mediators / Hilary Graham -- Occupational health and women / Ellen Lewin and Virginia Olesen -- The frail elderly woman / Helen Evers -- Estrogen-replacement therapy / Patricia A. Kaufert and Sonja M. McKinlay -- Abortion in the 1980s / Rosalind Pollack Petchesky -- Struggle between providers and recipients / Shelly Romalis -- Women and sports / Mary Boutilier and Lucinda SanGiovanni -- Women and the National Health Service / Lesley Doyal -- Women and health / Margaret Stacey.
|
| 650 |
|
0 |
|a Women
|x Health and hygiene.
|
| 650 |
|
0 |
|a Women
|x Health and hygiene
|x Sociological aspects.
|
| 650 |
|
0 |
|a Women's health services.
|
| 700 |
1 |
|
|a Lewin, Ellen.
|
| 700 |
1 |
|
|a Olesen, Virginia L.
|
| 852 |
4 |
|
|a Ayesha Abed Library
|j General Shelf.
|
| 999 |
|
|
|c 8350
|d 8350
|
| 952 |
|
|
|0 0
|1 0
|2 ddc
|4 0
|6 362_108804200000000_WOM_1985
|7 0
|9 9656
|a BRACUL
|b BRACUL
|c GEN
|d 2010-05-02
|g 0.00
|l 1
|m 2
|o 362.1088042 WOM
|p 3010003497
|r 2011-07-30
|s 2011-06-29
|t 1
|w 2010-05-02
|y BK
|z Not price in Register
|